تمد ن ہند / (Record no. 171669)

MARC details
000 -LEADER
fixed length control field 00524nam a22001817a 4500
005 - DATE AND TIME OF LATEST TRANSACTION
control field 20200203110551.0
010 ## - LCCN (DPL NO)
LC control number 386753
035 ## - SYSTEM CONTROL NUMBER
System control number 386753
037 ## - SOURCE OF ACQUISITION
Source of stock number/acquisition BPPD/Pub.
Stock number -
082 ## - DEWEY DECIMAL CLASSIFICATION NUMBER
Classification number 901.954
100 ## - MAIN ENTRY--PERSONAL NAME
Personal name با ن گشا‏ ؤ لی
245 ## - TITLE STATEMENT
Title تمد ن ہند /
Statement of responsibility, etc با ن گشا‏ ؤ لی
246 ## - VARYING FORM OF TITLE
Remainder of title Tamadun-e-Hind(Urdu) /
Title proper/short title by Baan Gushawli
260 ## - PUBLICATION, DISTRIBUTION, ETC. (IMPRINT)
Place of publication, distribution, etc -
Name of publisher, distributor, etc Maktaba Jamia Ltd.
Date of publication, distribution, etc - ء
270 ## - ADDRESS
Address -
City -
Postal code -
Telephone number -
Fax number -
300 ## - PHYSICAL DESCRIPTION
Extent 524 ص
Dimensions 22cm(Hb)
942 ## - ADDED ENTRY ELEMENTS (KOHA)
Source of classification or shelving scheme Dewey Decimal Classification
Item type Urdu Bks
Classification part 901.954
Call number suffix ب ا ن
Holdings
Withdrawn status Lost status Not for loan Collection code Home library Current library Date acquired Source of acquisition Cost, normal purchase price Full call number Barcode Copy number Cost, replacement price Koha item type
      Non-fiction Central Library Central Library 17/01/2020 BPPD/Ven. 0.00 901.954 ب ا ن 386753 1 0.00 Urdu Bks

© Delhi Public Library
Hit Counter
free hit counter